00846nam a22002537a 4500003000900000008004100009020001800050040007100068082001700139100002300156245010200179260004200281300002900323440003800352650001200390650002500402650002300427650001600450650001800466650001400484700004600498700002400544700002400568AR-CdUCM190319b ||||| |||| 00| 0 spa d a9788483930397 aMUNICIPALIDAD PROVINCIAL DEL CUSCOcBIBLIOTECA MUNICIPAL DEL CUSCO a891.51/bD93 aDostoievski, Fedor aDiario de un escritor :bcrónicas, artículos, crítica y apuntes /cFiódor M. Dostoievski aMadrid :bPáginas de Espuma,c2010. a1610 páginas ;c25 cm. aColección voces / Ensayo,n131. aDiario  aLiteratura universal aDostoievski, Fedor aBiografía aNovelas rusas aSiglo XIX aBeaumont Alcalde, Elisa de (traducción) aBulátova, Eugenia aRabdanó, Liudmila